000 00542nam a2200181Ia 4500
001 5033
005 20260306145838.0
008 260306t2021||||xx |||||||||||||| ||spa||
041 _aESP
082 _a332.6
_bA77
110 _aProética Capítulo Peruano de Transparencia Internacional
245 0 _aMapainversiones :
_baportes desde la ciudadanía para mejorar la transparencia de la inversión pública en el Perú
260 _c2021
300 _a88 páginas :
_c29 cm.
650 _aGEN
654 _aCAN
942 _cLIB
_dJUS
_fJUS
_2ddc
_n
999 _c5033
_d5033